000 00505nam a2200157 4500
001 117258
003 ES-MaACL
005 20230906190848.0
007 t|
008 070301s1966 sp r ||||1| spa d
245 0 0 _aPastoral y finanzas /
_cpor un equipo de la Diócesis de Nantes.
260 _aBarcelona :
_bInstituto Católico de Estudios Sociales,
_c1966.
300 _a101 p. ;
_c22 cm.
710 2 _aInstitut Catòlic d'Estudis Socials de Barcelona.
_94738
852 _aES-MaACL
_jC-31851
_bR.62004
999 _c117258
_d117258